000 00246nam a2200097Ia 4500
001 777089
005 20250826165900.0
008 250824s9999 xx 000 0 und d
245 0 _aBİR SES BÖLER GECEYİ
_cAHMET ÜMİT
260 _bEVEREST YAYINLARI
999 _c777089
_d777089